| 000 | 00734nam a2200253 a 4500 | ||
|---|---|---|---|
| 001 | 73670 | ||
| 003 | BD-RjUL | ||
| 005 | 20211209082427.0 | ||
| 008 | 170606s1966 enka 101 0 eng d | ||
| 035 | _a(BD-RjUL)73888 | ||
| 040 |
_aBD-RjUL _beng _cBD-RjUL _dBD-RjUL |
||
| 041 | _aeng | ||
| 082 |
_a641 _223 _bWAA 1966 |
||
| 100 | 1 |
_aWayler, Thelma J _9218069 |
|
| 245 | 1 | 0 |
_aApplied nutrition / _cThelma J Wayler; Rose S Klein |
| 260 |
_aLondon : _b Macmillan, _cc1965 [printing 1966] |
||
| 300 |
_axxvi, 309 p. : _bill. ; _c25 cm. |
||
| 504 | _aIncludes bibliographies and index | ||
| 650 | 0 |
_aApplied nutrition _9218070 |
|
| 650 | 0 |
_aNutrition _9218071 |
|
| 700 |
_aKlein, Rose S _9218072 |
||
| 942 |
_2ddc _cBK |
||
| 999 |
_c73670 _d73670 |
||